Eastern Utah Libraries Catalog: Duchesne, Heber, Roosevelt, & Vernal

Who was accused in the Salem witch trials? : (Record no. 399995)

MARC details
000 -LEADER
fixed length control field 03243pam a2200589 i 4500
001 - CONTROL NUMBER
control field zcodcb b8449543
003 - CONTROL NUMBER IDENTIFIER
control field DLC
005 - DATE AND TIME OF LATEST TRANSACTION
control field 20240905160747.0
008 - FIXED-LENGTH DATA ELEMENTS--GENERAL INFORMATION
fixed length control field 231113s2023 nyua j b6 000 0beng
010 ## - LIBRARY OF CONGRESS CONTROL NUMBER
LC control number 2023020967
020 ## - INTERNATIONAL STANDARD BOOK NUMBER
International Standard Book Number 9780593224687
Qualifying information (pbk)
020 ## - INTERNATIONAL STANDARD BOOK NUMBER
International Standard Book Number 9780593224694
Qualifying information (hc)
020 ## - INTERNATIONAL STANDARD BOOK NUMBER
International Standard Book Number 059322468X
040 ## - CATALOGING SOURCE
Original cataloging agency DLC
Language of cataloging eng
Description conventions rda
Transcribing agency DLC
Modifying agency DLC
-- NjBwBT
-- GCmBT
042 ## - AUTHENTICATION CODE
Authentication code pcc
043 ## - GEOGRAPHIC AREA CODE
Geographic area code n-us-ma
092 ## - LOCALLY ASSIGNED DEWEY CALL NUMBER (OCLC)
Classification number junior graphic nonfiction
Item number 92 Tituba
100 1# - MAIN ENTRY--PERSONAL NAME
Personal name Fitzpatrick, Insha,
Relator term author.
9 (RLIN) 6493026
245 10 - TITLE STATEMENT
Title Who was accused in the Salem witch trials? :
Remainder of title Tituba /
Statement of responsibility, etc by Insha Fitzpatrick ; illustrated by Rowan MacColl.
246 30 - VARYING FORM OF TITLE
Title proper/short title Tituba.
264 #1 - Production, Publication, Distribution, Manufacture, and Copyright Notice.
Place of production, publication, distribution, manufacture New York :
Name of producer, publisher, distributor, manufacturer Penguin Workshop,
Date of production, publication, distribution, manufacture, or copyr 2023.
300 ## - PHYSICAL DESCRIPTION
Extent 63 pages :
Other physical details color illustrations ;
Dimensions 20 cm.
336 ## - Content Type
Content type term text
336 ## - Content Type
Content type term still image
337 ## - Media type
Media type term unmediated
338 ## - Carrier type
Carrier type term volume
490 0# - SERIES STATEMENT
Series statement A who HQ graphic novel.
500 ## - GENERAL NOTE
General note "An official Who HQ book"--Cover.
504 ## - BIBLIOGRAPHY, ETC. NOTE
Bibliography, etc Includes bibliographical references (page 63).
520 ## - SUMMARY, ETC.
Summary, etc "Follow the terrifying events of the 1692 Salem witch trials from the perspective of Tituba, an enslaved woman who was accused of bewitching two girls, Elizabeth Parris and Abigail Williams, during this harrowing, historic period. A story of speculation, mass hysteria, and survival, this graphic novel invites readers to immerse themselves into this haunting moment in American history - brought to life by gripping narrative and vivid full-color illustrations that jump off the page"--
521 ## - TARGET AUDIENCE NOTE
Target audience note Ages 8-12
Source Penguin Workshop, an imprint of Penguin Random House LLC.
600 00 - SUBJECT ADDED ENTRY--PERSONAL NAME
Personal name Tituba
Form subdivision Juvenile literature.
9 (RLIN) 6493027
600 00 - SUBJECT ADDED ENTRY--PERSONAL NAME
Personal name Tituba
Form subdivision Comic books, strips, etc.
9 (RLIN) 6493028
600 01 - SUBJECT ADDED ENTRY--PERSONAL NAME
Personal name Tituba
Form subdivision Cartoons and comics.
9 (RLIN) 6493029
650 #0 - SUBJECT ADDED ENTRY--TOPICAL TERM
Topical term or geographic name as entry element Enslaved persons
Geographic subdivision Massachusetts
Form subdivision Biography
-- Juvenile literature.
9 (RLIN) 6493030
650 #0 - SUBJECT ADDED ENTRY--TOPICAL TERM
Topical term or geographic name as entry element Enslaved persons
Geographic subdivision Massachusetts
Form subdivision Biography
-- Comic books, strips, etc.
9 (RLIN) 6493031
650 #0 - SUBJECT ADDED ENTRY--TOPICAL TERM
Topical term or geographic name as entry element Trials (Witchcraft)
Geographic subdivision Massachusetts
-- Salem
General subdivision History
Chronological subdivision 17th century
Form subdivision Juvenile literature.
9 (RLIN) 6493032
650 #0 - SUBJECT ADDED ENTRY--TOPICAL TERM
Topical term or geographic name as entry element Trials (Witchcraft)
Geographic subdivision Massachusetts
-- Salem
General subdivision History
Chronological subdivision 17th century
Form subdivision Comic books, strips, etc.
9 (RLIN) 6493033
650 #0 - SUBJECT ADDED ENTRY--TOPICAL TERM
Topical term or geographic name as entry element Witchcraft
Geographic subdivision Massachusetts
-- Salem
General subdivision History
Form subdivision Juvenile literature.
9 (RLIN) 6493034
650 #0 - SUBJECT ADDED ENTRY--TOPICAL TERM
Topical term or geographic name as entry element Witchcraft
Geographic subdivision Massachusetts
-- Salem
General subdivision History
Form subdivision Comic books, strips, etc.
9 (RLIN) 6493035
650 #1 - SUBJECT ADDED ENTRY--TOPICAL TERM
Topical term or geographic name as entry element Enslaved persons
Form subdivision Cartoons and comics.
9 (RLIN) 6493036
650 #1 - SUBJECT ADDED ENTRY--TOPICAL TERM
Topical term or geographic name as entry element Women
Form subdivision Biography
-- Cartoons and comics.
9 (RLIN) 6384031
650 #1 - SUBJECT ADDED ENTRY--TOPICAL TERM
Topical term or geographic name as entry element Trials (Witchcraft)
Geographic subdivision Massachusetts
-- Salem
General subdivision History
Chronological subdivision 17th century
Form subdivision Cartoons and comics.
9 (RLIN) 6493037
650 #1 - SUBJECT ADDED ENTRY--TOPICAL TERM
Topical term or geographic name as entry element Witchcraft
Geographic subdivision Massachusetts
-- Salem
General subdivision History
Form subdivision Cartoons and comics.
9 (RLIN) 6493038
650 #1 - SUBJECT ADDED ENTRY--TOPICAL TERM
Topical term or geographic name as entry element Graphic novels.
651 #0 - SUBJECT ADDED ENTRY--GEOGRAPHIC NAME
Geographic name Salem (Mass.)
General subdivision History
Chronological subdivision Colonial period, ca. 1600-1775
Form subdivision Juvenile literature.
9 (RLIN) 6493039
651 #0 - SUBJECT ADDED ENTRY--GEOGRAPHIC NAME
Geographic name Salem (Mass.)
General subdivision History
Chronological subdivision Colonial period, ca. 1600-1775
Form subdivision Comic books, strips, etc.
9 (RLIN) 6493040
651 #1 - SUBJECT ADDED ENTRY--GEOGRAPHIC NAME
Geographic name Salem (Mass.)
General subdivision History
Chronological subdivision Colonial period, ca. 1600-1775
Form subdivision Cartoons and comics.
9 (RLIN) 6493041
655 #7 - INDEX TERM--GENRE/FORM
Genre/form data or focus term Graphic novels.
Source of term lcgft.
700 1# - ADDED ENTRY--PERSONAL NAME
Personal name MacColl, Rowan,
Relator term illustrator.
9 (RLIN) 6493042
942 ## - ADDED ENTRY ELEMENTS (KOHA)
Source of classification or shelving scheme Dewey Decimal Classification
Koha item type BOOK
Holdings
Withdrawn status Lost status Source of classification or shelving scheme Damaged status Not for loan Collection code Home library Current library Shelving location Date acquired Source of acquisition Total Checkouts Total Renewals Full call number Barcode Date last seen Date checked out Cost, replacement price Price effective from Koha item type
    Dewey Decimal Classification     Junior NonFiction Graphic Novels Wasatch County Library Wasatch County Library First Floor 09/05/2024 Penworthy 1 2 J GN 92 Tituba 34301002129619 10/22/2024 09/07/2024 21.96 09/05/2024 BOOK
This project was made possible through a grant from the Institute of Museum and Library Service administered by the Utah State Library Division.

Wasatch County Library

  • 465 East 1200 South, Heber City, Utah 84032
  • Phone 435-654-1511 | Fax 435-654-6456

Hours

  • Monday - Friday 9:30 AM - 8:00 PM
  • Saturday 9:30 AM - 1:30 PM
  • Closed Sundays and Holidays